| 000 | 00902cam a2200265 i 4500 | ||
|---|---|---|---|
| 001 | 3166817 | ||
| 003 | NUST - PNEC | ||
| 005 | 20170116181059.0 | ||
| 008 | 750714r19751890pk abf 000 0 eng | ||
| 010 | _a 75318516 | ||
| 020 |
_a0195772113 : _c$20.75 |
||
| 040 |
_aDLC _cLIBRARY _dDLC |
||
| 043 | _aa-pk--- | ||
| 050 | 0 | 0 |
_aDS392.2.K3 _bB34 1975 |
| 082 | 0 | 0 | _a954.9183 BAI |
| 100 | 1 | _aBaillie, Alexander F. | |
| 245 | 1 | 0 |
_aKurrachee, past, present, and future / _cAlexander F. Baillie. |
| 260 |
_aKarachi ; _aNew York : _bOxford University Press, _c1975. |
||
| 300 |
_axx, 269 p., [11] leaves of plates : _bill., maps (4 fold. col.) ; _c25 cm. |
||
| 500 | _aReprint, with added t.p., of 1890 ed. published by Thacker, Spink, Calcutta. | ||
| 650 |
_912253 _bGeography _xGeneral books |
||
| 651 | 0 | _aKarachi (Pakistan) | |
| 906 |
_a7 _bcbc _corignew _d2 _encip _f19 _gy-gencatlg |
||
| 942 |
_2ddc _cBK |
||
| 999 |
_c68680 _d68680 |
||